| 000 | 00624nam a22001457a 4500 | ||
|---|---|---|---|
| 003 | NUST | ||
| 082 | _a200 | ||
| 245 |
_aASSESING THE IMPACT OF INFORMATION TECHNOLOGY GOVERNANCE ON OUTCOME QUALITY & SUPPLY CHAIN AGILITY IN HOSPITALS: THE MEDIATING ROLE OF INFORMATION SHARING CAPABILITY/ _cMuhammad Arham Masud |
||
| 264 |
_aIslamabad, _bNUST Business School (NBS) _cAugust 2023 |
||
| 300 |
_aill; _bHard Cover _c30,cm |
||
| 650 |
_aMS-Logistics and Supply Chain Management _9126249 |
||
| 700 |
_aSupervisor: Dr. Muhammad Moazzam _9120133 |
||
| 856 | _u: http://10.250.8.41:8080/xmlui/handle/123456789/38034 | ||
| 942 |
_2ddc _cSC |
||
| 999 |
_c607414 _d607414 |
||